|
|
|
|
| LEADER |
00000nam2a2200000 4500 |
| 001 |
273418 |
| 005 |
20231101234628.0 |
| 035 |
|
|
|a (RuTPU)RU\TPU\book\296627
|
| 035 |
|
|
|a RU\TPU\book\241514
|
| 090 |
|
|
|a 273418
|
| 100 |
|
|
|a 20141025d1987 k y0rusy50 ca
|
| 101 |
0 |
|
|a rus
|
| 102 |
|
|
|a RU
|
| 105 |
|
|
|a y z 001zy
|
| 200 |
0 |
|
|a Т. 10
|f гл. ред. Г. Х. Попов
|
| 210 |
|
|
|d 1987
|
| 215 |
|
|
|a 156 с.
|
| 320 |
|
|
|a Библиография в конце статей
|
| 461 |
|
1 |
|0 (RuTPU)RU\TPU\book\181679
|x 0202-8123
|t Общеотраслевые вопросы экономики и организации промышленности
|f Академия наук СССР (АН СССР), Всесоюзный институт научной и технической информации (ВИНИТИ)
|v Т. 10
|d 1970-1991
|s Общеотраслевые вопросы экономики и организации промышленности
|
| 606 |
1 |
|
|a Промышленность
|x Экономика
|2 stltpush
|3 (RuTPU)RU\TPU\subj\36779
|9 58034
|
| 610 |
1 |
|
|a экономика
|
| 610 |
1 |
|
|a организация
|
| 610 |
1 |
|
|a наукоемкая продукция
|
| 610 |
1 |
|
|a конкурентоспособность
|
| 610 |
1 |
|
|a зарубежные страны
|
| 610 |
1 |
|
|a зарубежный опыт
|
| 610 |
1 |
|
|a производительность труда
|
| 610 |
1 |
|
|a целевые комплексные программы
|
| 675 |
|
|
|a 658
|v 3
|
| 702 |
|
1 |
|a Попов
|b Г. Х.
|4 651
|
| 801 |
|
1 |
|a RU
|b 63413507
|c 20091015
|
| 801 |
|
2 |
|a RU
|b 63413507
|c 20170113
|g RCR
|
| 942 |
|
|
|c BK
|